[Event "Gilan Friendship Cup"]
[Site "Gilan"]
[Date "2014.12.01"]
[Round "3"]
[White "Ghasemi Haji, Ramtin"]
[Black "Soozankar, Amir Mohammad"]
[Result "0-1"]
[WhiteElo "1878"]
[BlackElo "2190"]
[PlyCount "78"]
[EventDate "2014.11.30"]
[EventType "swiss"]
[EventRounds "9"]
[EventCountry "IRI"]
[SourceTitle "CBM 163 Extra"]
[Source "ChessBase"]
[SourceDate "2014.12.23"]
[SourceVersion "1"]
[SourceVersionDate "2014.12.23"]
[SourceQuality "1"]

1. d4 Nf6 2. Nf3 g6 3. c4 Bg7 4. Nc3 d5 5. cxd5 Nxd5 6. Bd2 0-0 7. e4 Nb6 8. Be3 Bg4 9. Be2 Bxf3 10. Bxf3 Nc4 11. 0-0 Nxe3 12. fxe3 c5 13. dxc5 Bxc3 14. bxc3 Qc7 15. Rb1 Nd7 16. c6 bxc6 17. Qb3 Rab8 18. Qa3 Ne5 19. Qc5 Rfd8 20. Be2 Rxb1 21. Rxb1 Rd2 22. Bd1 Rxa2 23. Qd4 Kg7 24. Bb3 c5 25. Qd1 Ra6 26. Qd5 c4 27. Bd1 Ra5 28. Qd2 Ra3 29. Qd4 Qa5 30. Rc1 Ra2 31. Bf3 h5 32. Kf1 Kh7 33. Be2 Rb2 34. Re1 Qc7 35. Kg1 a5 36. h3 a4 37. Qd5 a3 38. Bxc4 Nf3+ 39. Kf1 Qxc4+ 0-1

[Event "Rasht Baran Cup 7th 		  "]
[Site "Rasht"]
[Date "2014.06.24"]
[Round "4"]
[White "Ghasemi Haji, Ramtin"]
[Black "Moradi, Behrooz"]
[Result "0-1"]
[WhiteElo "1815"]
[BlackElo "2207"]
[PlyCount "62"]
[EventDate "2014.06.22"]
[EventType "swiss"]
[EventRounds "9"]
[EventCountry "IRI"]
[SourceTitle "CBM 161 Extra"]
[Source "ChessBase"]
[SourceDate "2014.08.29"]
[SourceVersion "1"]
[SourceVersionDate "2014.08.29"]
[SourceQuality "1"]

1. d4 Nf6 2. Nf3 e6 3. e3 c5 4. Bd3 b6 5. 0-0 Bb7 6. Nbd2 Be7 7. b3 0-0 8. Bb2 d6 9. a3 Nbd7 10. Re1 a6 11. c4 Qc7 12. Rc1 Rad8 13. e4 cxd4 14. Nxd4 Qb8 15. f4 Rfe8 16. g4 g6 17. Qf3 e5 18. Ne2 exf4 19. g5 Ne5 20. Bxe5 dxe5 21. gxf6 Bc5+ 22. Kf1 Be3 23. Nxf4 exf4 24. Rxe3 fxe3 25. Qxe3 Qd6 26. Ke2 Qxf6 27. Re1 Qd6 28. Nf3 f5 29. e5 Bxf3+ 30. Qxf3 Qxe5+ 31. Kd1 Qc3 0-1